00553 a2200169 450000500170000002000180001705000220003510000370005724501240009426400210021830000140023933600260025333700280027933800270030750400190033465000300035320250206083130.0 a9781779205780 aHQ 1236bMUG 2021 aMugomba , Slyvia Chirawueauthor aWhat I Know and (don't know) about being part of and running a women's rights organisation /cSlyvia , Chirawu Mugomba aZimbabwe :c2021 a130 pages 2rdacontentatextbtxt 2rdamediaaunmediatedbn 2rdacarrieravolumebnc aincludes index awomen'rights organisation